[Event "Cappelle op 31st"]
[Site "Cappelle la Grande"]
[Date "2015.03.04"]
[Round "6"]
[White "Kanep, Meelis"]
[Black "Gharamian, Tigran"]
[Result "1/2-1/2"]
[WhiteElo "2509"]
[BlackElo "2651"]
[Annotator "RR"]
[PlyCount "41"]
[EventDate "2015.02.28"]
[EventType "swiss"]
[EventRounds "9"]
[EventCountry "FRA"]
[SourceTitle "EXT 2016"]
[Source "ChessBase"]
[SourceDate "2015.10.08"]
[SourceVersion "1"]
[SourceVersionDate "2015.10.08"]
[SourceQuality "1"]

1. d4 Nf6 2. c4 g6 3. Nc3 d5 4. cxd5 Nxd5 5. Nxd5 $6 {Une ligne secondaire qui
ne semble pas poser de problèmes aux Noirs pour égaliser mais en fait, c'est
probablement une simple transposition après 6.e3} (5. e4 $142) 5... Qxd5 6. e3
Bg7 7. Ne2 O-O 8. Nc3 Qd8 9. Be2 c6 (9... c5 10. d5 e6 11. e4 exd5 12. exd5 Qb6
13. O-O Bf5 14. Qb3 Nd7 15. Be3 h5 16. Rfd1 Qxb3 17. axb3 Bc2 18. Rd2 Bxb3 19.
Bb5 Rfd8 20. Ra3 c4 21. Bxd7 Rxd7 22. Rxa7 Rad8 23. Ra5 f5 24. h4 Kf7 25. g3
Re8 26. Kg2 Bf8 27. Bc5 Bh6 28. f4 Bg7 29. Kf2 Red8 30. Bb6 Re8 31. Bd4 Bf8 32.
Be5 Rc8 33. d6 Be7 34. Ke3 Bd8 35. Ra1 Bb6+ 36. Kf3 Bc5 37. Nb5 Bb4 38. Bc3 Bc5
39. Be5 {Kasimdzhanov,R (2706)-Giri,A (2768) Tashkent 2014 1/2-1/2}) 10. O-O e5
11. dxe5 Bxe5 12. e4 Qe7 13. Be3 Nd7 14. Qc2 Nf6 15. Rae1 Re8 16. h3 Be6 $146 (
16... Bd7 17. Bd3 b5 18. Ne2 Bd6 19. Nd4 Nxe4 20. Nxc6 Qh4 21. Bxe4 Qxe4 22.
Qxe4 Rxe4 23. Rd1 Bxc6 24. Rxd6 Re6 25. Rxe6 fxe6 26. Rc1 Bd5 27. Rc7 Bxa2 28.
Bxa7 Rd8 29. Be3 Rd1+ 30. Kh2 Rd5 31. Re7 Rf5 32. Bh6 Rh5 33. Be3 Rf5 34. Bh6
Rh5 35. Be3 Rf5 36. Ra7 Bc4 37. h4 Rf7 38. Ra6 Rd7 39. Ra8+ Kg7 40. Bg5 Rf7 41.
Be3 Rd7 42. Bg5 Rf7 43. Kg3 Rd7 44. Be3 Bb3 45. Rb8 Bc4 46. Kf4 {Hainke,G 
(2318)-Gupta,M (2277) Germany 2013 1/2-1/2}) 17. Na4 Rad8 18. Bc5 Qd7 19. Rd1
Qc7 20. Rxd8 Qxd8 21. Bxa7 1/2-1/2

[Event "ESP-chT CECLUB Honor"]
[Site "Melilla"]
[Date "2011.11.23"]
[Round "4"]
[White "Illescas Cordoba, Miguel"]
[Black "Edouard, Romain"]
[Result "1-0"]
[WhiteElo "2609"]
[BlackElo "2621"]
[Annotator "RR"]
[PlyCount "138"]
[EventDate "2011.11.21"]
[EventType "team-tourn"]
[EventRounds "7"]
[EventCountry "ESP"]
[SourceTitle "CBM 146"]
[Source "ChessBase"]
[SourceDate "2012.01.18"]
[SourceVersion "1"]
[SourceVersionDate "2012.01.18"]
[SourceQuality "1"]
[WhiteTeam "Cajacanarias"]
[BlackTeam "Sestao"]
[WhiteTeamCountry "ESP"]
[BlackTeamCountry "ESP"]

1. d4 Nf6 2. c4 g6 3. Nc3 d5 4. cxd5 Nxd5 5. Bd2 Bg7 6. e4 Nb6 7. Be3 O-O 8.
Bb5 Be6 9. d5 Bd7 10. Be2 e6 11. Nf3 exd5 12. exd5 Bg4 13. Bd4 Bxf3 14. Bxf3
Re8+ 15. Kf1 Bxd4 16. Qxd4 Nc6 17. Qf4 Ne5 18. h4 Nxf3 19. Qxf3 Re5 20. Rd1 Rf5
21. Qe4 Qd6 22. Rh3 Rd8 23. Rf3 Re5 24. Qf4 Qe7 25. Rfd3 c6 26. d6 Qe6 27. b3
Nc8 28. d7 Nb6 29. Rd6 Qe7 30. f3 Rf5 31. Qd4 Qe5 32. Kf2 Kf8 33. a4 Qxd4+ 34.
R6xd4 Rc5 35. R1d3 Ke7 36. Re3+ Kf8 37. Red3 Na8 38. b4 Re5 39. f4 Re7 40. Ne4
b6 41. Nf6 h5 $6 (41... Nc7 42. g4 h6 $14) 42. g4 hxg4 43. Nxg4 c5 44. Rd6 cxb4
45. Ne5 Rxe5 46. fxe5 Ke7 47. R3d4 b3 48. Rb4 Rxd7 49. Rxd7+ Kxd7 50. Rxb3 Nc7
51. Ke3 Nd5+ 52. Ke4 Ke6 $6 (52... Nc7 53. Rf3 Ke7 $16) 53. Rd3 $18 Nb4 54. Rd8
Na6 55. Re8+ Kd7 56. Ra8 Nc5+ 57. Kd5 a5 58. Ra7+ Ke8 59. Kd6 Kf8 60. Ra8+ Kg7
61. Ke7 Nd3 62. Rb8 Nxe5 63. Rxb6 Nf3 $2 (63... f5 64. Rb5 Nc4) 64. Rb5 Nxh4
65. Rxa5 Nf5+ 66. Kd7 Kf6 67. Rb5 Nd4 68. Rb6+ Ke5 69. a5 Kd5 1-0

[Event "ESP-chT CECLUB Honor"]
[Site "Melilla"]
[Date "2011.11.22"]
[Round "2"]
[White "Del Rio de Angelis, Salvador Gabriel"]
[Black "Salgado Lopez, Ivan"]
[Result "0-1"]
[WhiteElo "2534"]
[BlackElo "2621"]
[Annotator "RR"]
[PlyCount "70"]
[EventDate "2011.11.21"]
[EventType "team-tourn"]
[EventRounds "7"]
[EventCountry "ESP"]
[SourceTitle "CBM 146"]
[Source "ChessBase"]
[SourceDate "2012.01.18"]
[SourceVersion "1"]
[SourceVersionDate "2012.01.18"]
[SourceQuality "1"]
[WhiteTeam "Sestao"]
[BlackTeam "Colegio Marcote EIKM"]
[WhiteTeamCountry "ESP"]
[BlackTeamCountry "ESP"]

1. d4 Nf6 2. c4 g6 3. Nc3 d5 4. cxd5 Nxd5 5. e4 Nxc3 6. bxc3 Bg7 7. Nf3 c5 8.
Rb1 O-O 9. Be2 b6 10. O-O Bb7 11. d5 Bxc3 12. h4 Bg7 13. h5 Qd6 14. hxg6 Qxg6
15. Bd3 Qg4 16. e5 Kh8 17. Bxh7 e6 $1 (17... Kxh7 $2) 18. Ng5 Qxd1 19. Rxd1
Bxd5 20. Rxd5 exd5 21. Rb3 Bxe5 22. Rh3 Kg7 23. Nf3 Rh8 24. Bh6+ Kxh7 25. Nxe5
Re8 26. Bg5+ Kg7 27. Bh6+ Kf6 28. Rf3+ Ke6 29. Nxf7 Nd7 30. g4 Rg8 31. Ng5+ Kd6
32. Kg2 Rg6 33. Kg3 Rag8 34. Nf7+ Ke6 35. g5 Nf6 0-1

[Event "Alekhine Memorial"]
[Site "Paris/St Petersburg"]
[Date "2013.05.01"]
[Round "9"]
[White "Aronian, Levon"]
[Black "Vachier Lagrave, Maxime"]
[Result "1-0"]
[WhiteElo "2809"]
[BlackElo "2722"]
[Annotator "RR"]
[PlyCount "84"]
[EventDate "2013.04.21"]
[EventType "tourn"]
[EventRounds "9"]
[EventCountry "FRA"]
[EventCategory "20"]
[SourceTitle "CBM 154"]
[Source "ChessBase"]
[SourceDate "2013.05.15"]
[SourceVersion "1"]
[SourceVersionDate "2013.05.15"]
[SourceQuality "1"]

1. d4 Nf6 2. Nf3 g6 3. c4 Bg7 4. Nc3 d5 5. cxd5 Nxd5 6. e4 Nxc3 7. bxc3 c5 8.
Rb1 O-O 9. Be2 Nc6 10. d5 Ne5 11. Nxe5 Bxe5 12. Qd2 e6 13. f4 Bc7 14. O-O exd5
15. exd5 Ba5 16. f5 Bxf5 17. Rxb7 Qf6 (17... Qd6 $11) 18. Rf3 (18. g4 $5) 18...
Qe5 19. Bc4 Bc8 $6 (19... Rfb8 $5) (19... Qe4 $5) 20. Rb3 Bc7 21. Qh6 Qe1+ 22.
Rf1 Qe4 23. Bg5 $1 Be5 24. Qh4 Qxh4 25. Bxh4 $16 Bd6 26. Rf6 Be5 27. Rc6 Bd7
28. Ra6 Rfb8 29. Rxb8+ (29. d6 $1) 29... Rxb8 30. Rxa7 Bxc3 31. Rxd7 Rb4 32. d6
Rxc4 33. Be7 Kg7 (33... f6 $1 $11) 34. Ra7 (34. Rc7) 34... Rd4 $2 (34... Re4 $1
35. d7 Rxe7 36. d8=Q Rxa7 $11) 35. d7 Rd1+ 36. Kf2 c4 37. g3 Rd2+ 38. Kf3 Rd3+
39. Kg2 Rd2+ 40. Kh3 Bf6 41. d8=Q Rxd8 42. Bxd8 Bxd8 1-0

[Event "Rohde op 09th"]
[Site "Sautron"]
[Date "2009.10.26"]
[Round "4"]
[White "Lalic, Bogdan"]
[Black "Colovic, Aleksandar"]
[Result "1/2-1/2"]
[WhiteElo "2495"]
[BlackElo "2441"]
[Annotator "RR"]
[PlyCount "53"]
[EventDate "2009.10.24"]
[EventType "swiss"]
[EventRounds "9"]
[EventCountry "FRA"]
[SourceTitle "EXT 2010"]
[Source "ChessBase"]
[SourceDate "2010.11.25"]
[SourceVersion "1"]
[SourceVersionDate "2010.11.25"]
[SourceQuality "1"]
[TimeControl "40/6000+30:1800+30"]

1. d4 Nf6 2. c4 g6 3. Nc3 d5 4. cxd5 Nxd5 5. e4 Nxc3 6. bxc3 Bg7 7. Nf3 c5 8.
Bb5+ (8. Rb1) (8. Be3) 8... Nc6 (8... Bd7) (8... Nd7) 9. O-O cxd4 10. cxd4 O-O
11. Be3 Bg4 {[%csl Rd4]} 12. Bxc6 (12. d5 {Ce sacrifice de qualité a été peu
utilisé mais les blancs ont des bonnes compensations} Ne5 (12... Bxa1 13. Qxa1
$44 {[%csl Rg7][%cal Ge3h6]}) 13. Rb1 $14 {Peev,P (2440)-Ghinda,M (2445)
Pernik 1978 (2) 1-0}) 12... bxc6 13. Rc1 Qa5 (13... Qd7) 14. Qd2 Qxd2 15. Nxd2
Rfd8 16. Nb3 a5 $11 17. Rxc6 a4 18. Nc5 Bxd4 19. Bxd4 Rxd4 20. f3 Rc8 $1 21.
Rxc8+ Bxc8 22. Rc1 a3 23. Nb3 Rd8 24. Nc5 $146 (24. Rc7 {Gustafsson,J (2603)
-Kramnik,V (2788) Dortmund SuperGM 2008 (1) 1/2}) 24... Rd2 25. Nb3 Rd8 26. Nc5
Rd2 {[%csl Ra2]} 27. Nb3 {[%cal Gc1c8,Gb3d2]} 1/2-1/2

[Event "Moscow Aeroflot op-A 14th"]
[Site "Moscow"]
[Date "2015.03.28"]
[Round "2"]
[White "Khairullin, Ildar"]
[Black "Mamedyarov, Shakhriyar"]
[Result "1-0"]
[WhiteElo "2630"]
[BlackElo "2756"]
[Annotator "Ramirez Alvarez,A"]
[PlyCount "61"]
[EventDate "2015.03.27"]
[EventType "swiss"]
[EventRounds "9"]
[EventCountry "RUS"]
[SourceTitle "CBM 166"]
[Source "ChessBase"]
[SourceDate "2015.05.11"]
[SourceVersion "1"]
[SourceVersionDate "2015.05.11"]
[SourceQuality "1"]

1. d4 Nf6 2. c4 g6 3. Nc3 d5 4. cxd5 Nxd5 5. e4 Nxc3 6. bxc3 Bg7 7. Nf3 O-O 8.
Be2 c5 9. O-O b6 (9... Nc6 {is still the main line, but b6 is trending.}) 10.
Bg5 Bb7 11. Qd3 Qc7 {and old line, to put it mildly. The move hasn't been
since in a couple of decades, but to be fair nothing is main line theory any
more. The players are on their own in a typical Grunfeld position, the crown
jewel of hypermodernism, the position that makes Reti smile from his grave:
White has a big pawn center, Black counter-attacks with a double fianchetto.}
12. Rad1 (12. Qe3 $5) 12... e6 13. d5 $1 {The decision to push or not to push
d5 is so complicated that it deserves its own book. Or ChessBase DVD. It is
good in this case because it is difficult for Black to finish development
without giving up the e7 square.} e5 $2 {This is an understandable decision in
most cases, but that is when Black can blockade on d6. Since he is far away
from this, e5 cannot be recommended.} 14. Qe3 Nd7 15. Be7 Rfe8 16. d6 Qc6 17.
Bc4 {Of course. The weaknesses of the d5 square and the f7 pawn cannot be
underestimated.} b5 (17... Qxe4 18. Bxf7+ Kxf7 19. Ng5+ {is unplayable.}) 18.
Bd5 Qc8 19. h4 $5 {Weakening the kingside.} (19. Ng5 Bxd5 20. exd5 $5 {is not
exactly the human solution, but the computer seems to thing it is excellent
because of} c4 21. Ne6 {but let's disregard this.}) 19... Bf6 20. Bxf6 Nxf6 21.
Bxb7 Qxb7 22. Rfe1 c4 23. Qg5 Re6 24. Nxe5 Nxe4 25. Qf4 f5 $2 {The decisive
mistake. Normally in opens grandmasters can play several decisive mistakes and
they will go unpunished in round two, but Mamedyarov is playing Kairullin, not
a fish by any stretch of the imagination.} (25... Nxd6 26. Ng4 Rxe1+ 27. Rxe1 {
is scary as Black's king is very weak.} Nf5 $8 28. Nf6+ Kh8 $1 29. Re5 $1 {
with a very strong initiative, but Black isn't dead yet.}) 26. d7 $1 Rd8 27.
Re3 $5 (27. g4 $1 {Was much stronger right away, but Re3 is also good.}) 27...
Re7 28. f3 Nf6 29. Rd6 $1 {This is killer. Black has no good way of defending
his knight.} Nd5 (29... Nxd7 30. Nxg6 $1 Rxe3 31. Qxe3 hxg6 {what else?} 32.
Rxg6+ {and Black gets promptly mated.}) 30. Qg5 Rdxd7 31. Nxd7 (31. Nxd7 Rxd7
32. Rxg6+ $1 hxg6 33. Qxg6+ {with mate next move. What a demolition!}) 1-0

[Event "Moscow Aeroflot op-A"]
[Site "Moscow"]
[Date "2007.02.17"]
[Round "4"]
[White "Drozdovskij, Yuri"]
[Black "Sutovsky, Emil"]
[Result "0-1"]
[WhiteElo "2562"]
[BlackElo "2629"]
[Annotator "Reeh,O"]
[PlyCount "52"]
[EventDate "2007.02.14"]
[EventType "swiss"]
[EventRounds "9"]
[EventCountry "RUS"]
[SourceTitle "CBM 117"]
[Source "ChessBase"]
[SourceDate "2007.03.30"]
[SourceVersion "1"]
[SourceVersionDate "2007.03.30"]
[SourceQuality "1"]

1. d4 Nf6 2. c4 g6 3. Nc3 d5 4. cxd5 Nxd5 5. e4 Nxc3 6. bxc3 Bg7 7. Bb5+ c6 8.
Ba4 O-O 9. Nf3 Qa5 10. Bd2 ({More enterprising is the pawn sacrifice
Unternehmungslustiger ist das Bauernopfer} 10. O-O) 10... Qa6 $1 {Keeping the
white king in the centre. Hält den weißen König im Zentrum fest.} 11. Bb3 c5
12. d5 (12. Qe2 {immediately is less committal. sofort ist weniger
verpflichtend.}) 12... e6 {Of course Black wants to open the e-file as soon as
possible! Natürlich möchte Schwarz schnell die e-Linie öffnen!} 13. Qe2 Qxe2+
14. Kxe2 exd5 15. Bxd5 Nd7 16. Rab1 Nb6 17. Bb3 $2 {White simply loses too
much time with this piece (fifth move already!). Weiß verliert einfach zu viel
Zeit mit dieser Figur (bereits der fünfte Zug).} ({The lesser evil was Das
geringere Übel war} 17. c4 Nxd5 18. exd5 Re8+ 19. Be3 b6 $15) 17... Re8 18. Be3
Bd7 19. Rhc1 ({White should have tried Weiß hätte} 19. Bxc5 Rxe4+ 20. Kd2 {
which would at least give him a stronghold on d4. versuchen sollen, wonach er
zumindest den Stützpunkt auf d4 bekäme.}) 19... Rxe4 ({Quite good was the
simple Recht gut war das einfache} 19... c4 20. Bc2 Bxc3) {[%tqu "En","","","",
"b3f7","",10]} 20. Bxf7+ Kf8 (20... Kxf7 $2 21. Ng5+ Kg8 22. Nxe4) 21. Bb3 Bb5+
22. Kd1 $2 {Understandably enough, the white king finally wants to leave the
e-file, but this makes things only worse for him. Verständlicherweise will der
weiße König endlich aus der e-Linie verschwinden, doch damit kommt er vom
Regen in die Traufe.} (22. Ke1 {was better, since war besser, denn} Bh6 (22...
Bd3 $15) {can be parried by kann pariert werden durch} 23. Bc2 $1 {with a
double attack against b5 and e4. mit Doppelangriff gegen b5 und e4.}) 22...
Rd8+ 23. Nd2 {[%tqu "En","Black to play.","All black pieces are in play, the
white king is stuck in the middle - time to strike!","Black can win material
here, exploiting the pinned white knight in the d-file and the unfortunate
position of the Bb3.","e4e3","Very good!   This liquidates a defender of the
knight d2, and with his next move Black wins material.",10,"c5c4","Also good,
though a little less forceful than the game continuation 23...Rxe3, since
White can play 24.Bc5+ followed by 25.Bc2 when Black still has to make some
precise calculations.",10,"De","Schwarz am Zug.","Alle schwarzen Figuren sind
im Spiel, der weiße König steht in der Mitte - Zeit zum Losschlagen!","Schwarz
kann hier Material gewinnen, und zwar unter Ausnutzung des gefesselten weißen
Springers in der d-Linie sowie des sehr unlgücklich postierten Lb3.","e4e3",
"Sehr gut!  Ein Verteidiger des Springers d2 wird beseitigt, und nach dem
nächsten Zug gewinnt Schwarz Material.",10,"c5c4","Dies ist ebenso gut,
wenngleich etwas weniger forcierend als das sofortige 23...Txe3, da Weiß 24.
Lc5+ nebst 25.Lc2 spielen kann, wonach Schwarz noch genau rechnen muss.",10]}
Rxe3 $1 {Eliminating a defender of d2. Eliminiert einen Verteidiger von d2.} (
23... c4 {was also strong, although after war ebenfalls stark, obwohl Schwarz
nach} 24. Bc5+ (24. Bc2 Rxe3) 24... Kg8 25. Bc2 {still has to find the cool
Schwarz erst noch das coole} Ree8 $1 $19 {finden muss.} (25... Bxc3 $2 26. Bxe4
Rxd2+ 27. Ke1 {is good for White. ist gut für Weiß.}) {e.g. z.B.} 26. Rxb5 Bxc3
{or 26.Be4 Ba4+ 27.Ke1 Rxd2 followed by 28...Rxe4.}) 24. fxe3 {[%tqu "En",
"What was the point of Black's previous move?","","","c5c4","Of course!  This
wins the bishop on b3, since a retreat to the only square c2 would give up the
point c3 after which d2 falls.",10,"De","Was war die Pointe des
vorangegangenen schwarzen Zuges?","","","c5c4","Natürlich!  Dies gewinnt den
Läufer auf b3, denn ein Rückzug auf das einzige Feld c2 würde den Punkt c3
aufgeben, wonach d2 fällt.",10]} c4 $1 {White's light-squared bishop is really
a very unfortunate piece in this game! Der weißfeldrige Läufer des Anziehenden
macht wirklich eine sehr unglückliche Figur in dieser Partie!} 25. a4 ({
No better is Nicht besser ist} 25. Bc2 Bxc3 26. Rxb5 Rxd2+ 27. Ke1 Rxc2+ ({
or oder} 27... Rd5+ 28. Ke2 Rxb5) 28. Kd1 Rd2+ 29. Ke1 Rb2+ 30. Rxc3 Rxb5 {
and White remains a full piece down. und Weiß verbleibt mit einer ganzen
Minusfigur.}) 25... cxb3 26. axb5 Nc4 {and White resigned since d2 falls. und
Weiß gab auf, denn d2 fällt.} 0-1